Tout valorant (mise à jour régulière) - Statistiques

Statistiques générales
  • Ce quiz a été pris 97 fois
    13 depuis la dernière actualisation
  • Le résultat moyen est 69 sur 78
Statistiques - réponses
Type de quiz Hint Réponse % Correct
Arme Mitrailleuse Ares
100%
Agent Controller Astra
100%
Maps Standard Bind
100%
Maps Standard Breeze
100%
Agent Controller Brimstone
100%
Arme Fusil à Pompe Bucky
100%
Arme Fusil Bulldog
100%
Agent Sentinel Chamber
100%
Arme Arme de poing Classic
100%
Agent Controller Clove
100%
Maps Standard Corrode
100%
Arme Mêlée Couteau
100%
Agent Sentinel Cypher
100%
Agent Initiator Fade
100%
Arme Arme de poing Frenzy
100%
Arme Arme de poing Ghost
100%
Arme Fusil Guardian
100%
Agent Controller Harbor
100%
Maps Standard Haven
100%
Maps Standard Icebox
100%
Agent Duelist Jett
100%
Arme Fusil à Pompe Judge
100%
Agent Initiator Kayo
100%
Agent Sentinel Killjoy
100%
Arme Fusil de Sniper Marshal
100%
Agent Duelist Neon
100%
Arme Mitrailleuse Odin
100%
Agent Controller Omen
100%
Arme Fusil de Sniper Operator
100%
Arme Fusil de Sniper Outlaw
100%
Arme Fusil Phantom
100%
Agent Duelist Phoenix
100%
Agent Duelist Reyna
100%
Agent Sentinel Sage
100%
Arme Arme de poing Sheriff
100%
Arme Arme de poing Shorty
100%
Arme Pistolet Mitrailleur Spectre
100%
Arme Fusil Vandal
100%
Agent Sentinel Veto
100%
Agent Controller Viper
100%
Agent Duelist Waylay
100%
Agent Duelist Yoru
100%
Maps Standard Abyss
88%
Rank 3 Ascendant
88%
Maps Standard Ascent
88%
Arme Arme de poing Bandit
88%
Agent Initiator Breach
88%
Rank 8 Bronze
88%
Agent Sentinel Deadlock
88%
Rank 4 Diamond/diamant
88%
Maps Standard Fracture
88%
Agent Initiator Gekko
88%
Rank 6 Gold/Or
88%
Rank 2 Immortal/Immortel
88%
Rank 9 Iron/Fer
88%
Agent Duelist Iso
88%
Maps Standard Lotus
88%
Maps Standard Pearl
88%
Rank 5 Platinum/Platine
88%
Rank 1 Radiant
88%
Agent Duelist Raze
88%
Rank 7 Silver/argent
88%
Agent Initiator Skye
88%
Agent Initiator Sova
88%
Maps Standard Split
88%
Arme Pistolet Mitrailleur Stinger
88%
Agent Sentinel Vyse
88%
Agent Controller Miks
75%
Maps Deathmatch Piazza
75%
Maps Standard Sunset
75%
Agent Initiator Tejo
75%
Maps Deathmatch Glitch
50%
Maps Deathmatch Kasbah
50%
Maps Deathmatch District
38%
Maps Deathmatch Drift
38%
Maps Autre Range
38%
Arme Spécial Lance-boules de neige
13%
Maps Autre Skirmish/escarmouche
13%
Aucun quiz correspondant
Distribution des résultats
% des personnes avec chaque résultat
Percentile par nombre de réponses
Votre historique - résultats
Vous n’avez pas pris ce quiz depuis la dernière actualisation